00334nam a2200121 4500082001300000100001000013245002500023260003400048300001200082942000700094999001500101952009600116 a671.2GUP aGupta aFoundary Engineering aIndia:bSatya Prakash,c1999. a562p. ; cBK c7294d7294 00104070aREFbREFd2014-06-19l0o671.2GUP (Shelf - 91B)p25674r2014-06-19 00:00:00yBK